Central Library OPAC University of Rajshahi

Let them eat promises : (Record no. 40806)

MARC details
000 -LEADER
fixed length control field 00992nam a2200313 a 4500
001 - CONTROL NUMBER
control field 40806
003 - CONTROL NUMBER IDENTIFIER
rucl marc code BD-RjUL
005 - DATE AND TIME OF LATEST TRANSACTION
control field 20211209053300.0
008 - FIXED-LENGTH DATA ELEMENTS--GENERAL INFORMATION
fixed length control field 160510t19711969nyu b 001 0 eng d
035 ## - SYSTEM CONTROL NUMBER
System control number (BD-RjUL)40921
System control number (OCoLC)03006015
System control number GLIS00155802
040 ## - CATALOGING SOURCE
Original cataloging agency EXQ
Transcribing agency EXQ
Modifying agency BD-RjUL
Language of cataloging eng
041 ## - LANGUAGE CODE
Language code of text/sound track or separate title eng
082 ## - DEWEY DECIMAL CLASSIFICATION NUMBER
Author mark and year KOL 1971
Classification number 338.1973
090 ## - LOCALLY ASSIGNED LC-TYPE CALL NUMBER (OCLC); LOCAL CALL NUMBER (OCLC)
Classification number (OCLC) (R) ; Classification number, CALL (RLIN) (NR) HD9006
Local cutter number (OCLC) ; Book number/undivided call number, CALL (RLIN) .K87 1971
099 ## - LOCAL FREE-TEXT CALL NUMBER (OCLC)
Bangla Class number HD9006.K87 1971
100 1# - MAIN ENTRY--PERSONAL NAME
Personal name Kotz, Nick
9 (RLIN) 125569
245 10 - TITLE STATEMENT
Title Let them eat promises :
Remainder of title the politics of hunger in America /
Statement of responsibility, etc. Nick Kotz ; with an introd. by George S. McGovern.
260 ## - PUBLICATION, DISTRIBUTION, ETC. (IMPRINT)
Place of publication, distribution, etc. Garden City, N.Y. :
Name of publisher, distributor, etc. Doubleday,
Date of publication, distribution, etc. 1971, c1969.
300 ## - PHYSICAL DESCRIPTION
Pagination xv, 261 p. ;
Size 18 cm.
500 ## - GENERAL NOTE
General note Includes index.
General note "A Doubleday Anchor book."
650 #0 - SUBJECT ADDED ENTRY--TOPICAL TERM
Topical term or geographic name as entry element Food relief
Geographic subdivision United States.
9 (RLIN) 125570
Topical term or geographic name as entry element Food supply
Geographic subdivision United States.
9 (RLIN) 125571
Topical term or geographic name as entry element Diet
Geographic subdivision United States.
9 (RLIN) 125572
Topical term or geographic name as entry element Malnutrition
Geographic subdivision United States.
9 (RLIN) 125573
942 ## - ADDED ENTRY ELEMENTS (KOHA)
Source of classification or shelving scheme Dewey Decimal Classification
Koha item type Books
Holdings
Lost status Source of classification or shelving scheme Damaged status Not for loan Collection code Permanent Location Current Location Shelving location Date acquired Source of acquisition Total Checkouts Full call number Date last seen Copy number Koha item type
  Dewey Decimal Classification   Not For Loan Non-fiction Central Library, University of Rajshahi Central Library, University of Rajshahi Rare Book Section 02/04/1977 Lions Internationals   338.1973 KOL 1971 10/05/2016 C-1 Books